000 00417nam a2200169Ia 4500
003 Ost
005 20260225132600.0
008 260225s9999||||xx |||||||||||||| ||und||
020 _a2906587087
040 _cfsic
041 _afre
082 _a70.4
100 _ajean pierre fougea
_eAuteur
245 0 _ala production audiovisuelle :
245 0 _ble guide du producteur /
_cjean pierre fougea
942 _cكتاب
999 _c34738
_d34738